000 00624cam a2200145 4500500
005 20251214042930.0
041 _afre
042 _adc
100 1 0 _aWhitman, James
_eauthor
245 0 0 _aDROIT PENAL GENERAL, Xavier PIN, Dalloz, collection Cours, Paris, 2005, 341 p., par Guillaume ROYER, Allocataire-moniteur à la Faculté de droit de Nancy 2 (ISCRIMED)
260 _c2005.
500 _a61
786 0 _nArchives de politique criminelle | 27 | 1 | 2005-10-01 | p. 235c-259c | 0242-5637
856 4 1 _uhttps://droit.cairn.info/revue-archives-de-politique-criminelle-2005-1-page-235c?lang=fr&redirect-ssocas=7080
999 _c1577136
_d1577136